La política de las mujeres /

Uloženo v:
Podrobná bibliografie
Hlavní autor: Valcárcel, Amelia (autor)
Médium: Kniha
Jazyk:španělština
Vydáno: Madrid, España : Cátedra, 1997, c1997
Edice:(Feminismos ; 38)
Témata:
Tagy: Přidat tag
Žádné tagy, Buďte první, kdo vytvoří štítek k tomuto záznamu!

MARC

LEADER 00000nam^a2200000^a^4500
001 000097821
005 20250521000000.0
009 20260310093033.754
020 |a 84-376-1501-1 
037 |a Acervo ITESO - Biblioteca 
041 |a ESP 
082 |a 305. 42  |b CAT V. 38 
100 |a Valcárcel, Amelia  |e (autor) 
245 1 3 |a La política de las mujeres /  |c A. Valcárcel. 
264 4 |a Madrid, España :  |b Cátedra,  |c 1997, c1997 
300 |a 233 p. 
336 |a texto  |b txt  |2 rdacontenido 
337 |a sin mediación  |b n  |2 rdamedio 
338 |a volumen  |b nc  |2 rdasoporte 
440 1 |a (Feminismos ;  |v 38) 
649 |a XX 
650 |a Mujeres -  |x Condiciones Sociales y Culturales 
650 |a Identidad de Género 
650 |a Roles de Género 
650 |a Discriminación de Género 
650 |a Género 
650 |a Feminismo 
650 |a Sociología 
650 |a Filosofía 
910 |a Fondo General 
920 |a Impresos - Libros 
930 |a Colección General 
905 |a 101 
901 |a 0500031894  |b IT1  |c ACC  |u 20250521 
902 |a https://opac.biblio.iteso.mx/vufind/Record/000097821